George Bernard Shaw's plays : (Record no. 6992)
[ view plain ]
| 000 -LEADER | |
|---|---|
| fixed length control field | 00895nam a22002297a 4500 |
| 003 - CONTROL NUMBER IDENTIFIER | |
| control field | BUBTL |
| 008 - FIXED-LENGTH DATA ELEMENTS--GENERAL INFORMATION | |
| fixed length control field | 230320b ||||| |||| 00| 0 eng d |
| 020 ## - INTERNATIONAL STANDARD BOOK NUMBER | |
| International Standard Book Number | 9780393977530 |
| 082 ## - DEWEY DECIMAL CLASSIFICATION NUMBER | |
| Classification number | 822.912/ B9963g/ 2002 |
| 100 ## - MAIN ENTRY--PERSONAL NAME | |
| 9 (RLIN) | 5245 |
| Personal name | Byrne, Sandie |
| 245 ## - TITLE STATEMENT | |
| Title | George Bernard Shaw's plays : |
| Remainder of title | Mrs Warren's profession, Pygmalion, Man and superman, Major Barbara : contexts and criticism / |
| Statement of responsibility, etc. | Sandie Byrne |
| 250 ## - EDITION STATEMENT | |
| Edition statement | 2nd Edn |
| 260 ## - PUBLICATION, DISTRIBUTION, ETC. (IMPRINT) | |
| Place of publication, distribution, etc. | New York: |
| Name of publisher, distributor, etc. | W. W. Norton & Company |
| Date of publication, distribution, etc. | c2002 |
| 300 ## - PHYSICAL DESCRIPTION | |
| Extent | xii, 545 p.: |
| Dimensions | 22.5 cm. |
| 440 ## - SERIES STATEMENT/ADDED ENTRY--TITLE | |
| 9 (RLIN) | 5161 |
| Title | A Norton Critical Edition |
| 500 ## - GENERAL NOTE | |
| General note | Includes bibliographical references |
| 505 ## - FORMATTED CONTENTS NOTE | |
| Formatted contents note | George Bernard Shaw, Mrs Warren's profession, Pygmalion, Man and superman, Major Barbara, Sandie Byrne, English, English Literature |
| 650 #0 - SUBJECT ADDED ENTRY--TOPICAL TERM | |
| 9 (RLIN) | 1994 |
| Topical term or geographic name as entry element | English Literature |
| 856 ## - ELECTRONIC LOCATION AND ACCESS | |
| Password | 0 |
| Logon | 0 |
| Link text | Download |
| 942 ## - ADDED ENTRY ELEMENTS (KOHA) | |
| Source of classification or shelving scheme | |
| Koha item type | Books |
| Withdrawn status | Lost status | Source of classification or shelving scheme | Damaged status | Not for loan | Collection code | Permanent location | Current location | Shelving location | Date acquired | Source of acquisition | Inventory number | Total Checkouts | Full call number | Barcode | Date last seen | Copy number | Price effective from | Koha item type |
|---|---|---|---|---|---|---|---|---|---|---|---|---|---|---|---|---|---|---|
| Not For Loan | Fiction | Bangladesh University of Business and Technology Library | Bangladesh University of Business and Technology Library | English Literature Stacks | 11/03/2022 | Purchase | 28891 | 822.912/ B9963g/ 2002 | BUBTL-200328891 | 03/21/2023 | C-1 | 03/21/2023 | Books |
